Statistics for Ariana Grande "7 rings" lyrics

Click here to take the quiz!

General Stats

  • This quiz has been taken 236 times
    (233 since last reset)
  • The average score is 400 of 488

Answer Stats

HintAnswer% Correct
a
98%
(i
98%
I
98%
i
98%
like
97%
my
97%
it)
95%
it
95%
of
95%
then
95%
and
93%
go
93%
at
92%
want
92%
when
92%
got
91%
You
91%
you
91%
breakfast
90%
get
90%
hair?
90%
who
90%
all
89%
diamonds
89%
in
89%
just
89%
(just
89%
me
89%
see
89%
thanks
89%
yeah)
89%
Verse 1Yeah
89%
(yeah)
89%
yeah
89%
bitch
88%
bottles
88%
bought
88%
buy
88%
Gee
88%
trouble
88%
with
88%
girls
87%
to
87%
be
86%
getting
86%
things
86%
tiffany's
86%
bubbles
85%
savage?
85%
the
85%
is
84%
(is
84%
machines
84%
tattoos
84%
myself
83%
no
83%
should
83%
what
83%
ATM
82%
favorite
82%
shit
82%
some
82%
bad
81%
been
81%
lashes
81%
sad
81%
through
80%
turn
80%
neck
79%
ring
79%
money
77%
up
77%
bitches
76%
not
76%
on
76%
rather
76%
thought
75%
but
74%
for
74%
for)
74%
as
73%
own
73%
they
73%
have
72%
sing
72%
six
72%
we
72%
poppin'
71%
write
71%
enough
70%
friends
70%
problems
70%
strings
70%
your
70%
one?"
69%
one
69%
ain't
68%
big
68%
can't
68%
checks
68%
must
68%
riches
68%
say
68%
solve
68%
addiction
67%
gloss
67%
know
67%
look
67%
said
67%
shine
67%
tied
67%
way
67%
wrist
67%
don't
66%
'em
66%
'em"
66%
if
66%
spoil
66%
them
66%
"which
66%
black
65%
card
65%
his
65%
i'd
65%
new
65%
red
65%
stop
65%
watchin'
65%
Verse 2wearing
65%
happiness
64%
hers
64%
matching
64%
number
64%
price
64%
ass
63%
bottoms
63%
deposits
63%
had
63%
make
63%
same
63%
therapy
63%
think
63%
phone
62%
whoever
62%
closet
61%
(closet)
61%
gon'
61%
"mr.s"
61%
wrong
61%
it'd
60%
"nah
60%
respect
60%
seen
60%
skin
60%
bag"
59%
(you've
59%
you've
59%
numbers
58%
"put
58%
shoo
58%
smile
58%
business
57%
gleamin'
57%
gleamin')
57%
retail
57%
set
57%
both
56%
lookin'
56%
pay
56%
brag
55%
crib
55%
i'm
55%
mean
55%
that's
55%
tone
54%
receipts
50%
woulda
50%
settin'
49%
from
48%
budget
47%
juice
47%
never
47%
back
46%
loop
46%
racks
46%
calls
45%
mind
45%
booth
44%
store
44%
beamin'
43%
loot
43%
(oh
43%
flossy
42%
jet
42%
shoot
42%
stacked
42%
nothing
40%
gimme
39%
(baby)
34%
net
32%
(yep)
17%
yep)
17%

Score Distribution

Percentile by Number Answered

Percent of People with Each Score

Your Score History

You have not taken this quiz since the last reset